Gospodarka międzynarodowa - wyzwania i nowe trendy

Salvato in:
Dettagli Bibliografici
Altri autori: Schroeder, Jerzy, Puślecki, Łukasz
Natura: Libro
Lingua:polacco
inglese
Pubblicazione: Poznań Wydawnictwo Uniwersytetu Ekonomicznego w Poznaniu 2011
Serie:Zeszyty naukowe 179
Soggetti:
Tags: Aggiungi Tag
Nessun Tag, puoi essere il primo ad aggiungerne!!

MARC

LEADER 00000nam a2200000 4500
001 0141713
005 20240109073622.5
020 |a 978-83-7417-622-4 
022 |a 1689-7374 
041 0 |a pol 
041 0 |a eng 
044 |a PL 
245 1 0 |a Gospodarka międzynarodowa - wyzwania i nowe trendy  |c redaktorzy naukowi Jerzy Schroeder, Łukasz Puślecki 
264 1 |a Poznań  |b Wydawnictwo Uniwersytetu Ekonomicznego w Poznaniu  |c 2011 
300 |a 314 s. 
490 1 |a Zeszyty naukowe  |v 179 
830 0 |a Zeszyty naukowe  |v 179 
610 2 0 |a hospodárstvo svetové 
610 2 0 |a spolupráca hospodárska medzinárodná 
610 2 0 |a Amerika 
610 2 0 |a Európa 
610 2 0 |a logistika 
610 2 0 |a integrácia ekonomická medzinárodná 
610 2 0 |a Afrika 
610 2 0 |a Ázia 
610 2 0 |a Balkán 
610 2 0 |a globalizácia 
610 2 0 |a politika menová 
610 2 0 |a integrácia menová 
610 2 0 |a euro 
610 2 0 |a Poľsko 
610 2 0 |a FTAA 
700 1 |a Schroeder, Jerzy 
700 1 |a Puślecki, Łukasz